2025 Women's Final AP Poll - Statistics

General Stats
  • This quiz has been taken 11 times
  • The average score is 20 of 25
Answer Stats
Rank Team % Correct
16 Kentucky
100%
8 LSU
100%
2 South Carolina
100%
6 TCU
100%
4 Texas
100%
3 UCLA
100%
1 UConn
100%
5 USC
100%
18 Baylor
90%
7 Duke
90%
17 Ole Miss
90%
15 Tennessee
90%
25 Michigan
80%
10 Notre Dame
80%
19 Ohio State
80%
20 Alabama
70%
13 Kansas State
70%
12 Maryland
70%
14 North Carolina
70%
11 Oklahoma
70%
21 West Virginia
70%
22 Florida State
60%
24 Oklahoma State
50%
9 NC State
40%
23 South Dakota State
30%
No matching quizzes found
Score Distribution
Percent of People with Each Score
Percentile by Number Answered
Your Score History
You have not taken this quiz